The influence of the sea on the political history of Japan
This book is a reproduction of an important historical work. Forgotten Books uses state-of-the-art technology to digitally reconstruct the work, preserving the original format whilst repairing imperfections present in the aged copy. In rare cases, an imperfection in the original, such as a blemish o...
Guardat en:
| Autor principal: | |
|---|---|
| Format: | Llibre |
| Idioma: | Undetermined |
| Publicat: |
London
J. Murray
1921
|
| Matèries: | |
| Etiquetes: |
Afegir etiqueta
Sense etiquetes, Sigues el primer a etiquetar aquest registre!
|
| Thư viện lưu trữ: | Trung tâm Học liệu Trường Đại học Cần Thơ |
|---|
| LEADER | 01113nam a2200205Ia 4500 | ||
|---|---|---|---|
| 001 | CTU_222270 | ||
| 008 | 210402s9999 xx 000 0 und d | ||
| 082 | |a 320.952 | ||
| 082 | |b B189 | ||
| 100 | |a Ballard, Vice-Admiral G. A. | ||
| 245 | 4 | |a The influence of the sea on the political history of Japan | |
| 245 | 0 | |c Vice-Admiral G. A. Ballard | |
| 260 | |a London | ||
| 260 | |b J. Murray | ||
| 260 | |c 1921 | ||
| 520 | |a This book is a reproduction of an important historical work. Forgotten Books uses state-of-the-art technology to digitally reconstruct the work, preserving the original format whilst repairing imperfections present in the aged copy. In rare cases, an imperfection in the original, such as a blemish or missing page, may be replicated in our edition. We do, however, repair the vast majority of imperfections successfully; any imperfections that remain are intentionally left to preserve the state of such historical works. | ||
| 650 | |a Japan,Nhật Bản | ||
| 650 | |x History,Lịch sử | ||
| 904 | |i Kim Tuyến, Qhieu | ||
| 980 | |a Trung tâm Học liệu Trường Đại học Cần Thơ | ||